000 00555nam a2200229Ia 4500
003 OSt
005 20221005130447.0
006 a|||||r|||| 00| 0
007 ta
008 221004b |||||||| |||| 00| 0 eng d
024 _a53749
037 _cTextual
040 _aCRL
_cCRL
_beng
041 _2eng
_aeng
082 _aX, K3
100 _aRichards C. S.
_9130491
245 0 _aRepublic in a changing economic world
260 _c1962
650 _aECONOMICS
942 _hX, K3
_cTEXL
_2cc
999 _c1057328
_d1057328